Trouve le signe astrologique de ces joueurs. - Statistiques

Statistiques générales
  • Ce quiz a été pris 50 fois
  • Le résultat moyen est 7 sur 15
Statistiques - réponses
Hint Réponse % Correct
Neymar Verseau
83%
Messi Cancer
73%
Christiano Ronaldo Verseau
73%
Mbappé Sagittaire
70%
Ramos Bélier
48%
Marquinhos Taureau
40%
Giroud Verseau
38%
Thiago Emiliano da Silva Vierge
38%
Karim Benzema Sagittaire
33%
Vinícius Júnior Cancer
30%
João Félix Scorpion
30%
Pelé Scorpion
28%
Maradona Scorpion
28%
Luka Modrić Vierge
28%
Richarlison Taureau
25%
Aucun quiz correspondant
Distribution des résultats
% des personnes avec chaque résultat
Percentile par nombre de réponses
Votre historique - résultats
Vous n’avez pas pris ce quiz